| 000 | 00630nam a22002057a 4500 | ||
|---|---|---|---|
| 005 | 20240530110854.0 | ||
| 008 | 210928s 2019sp d f 000 | spa d | ||
| 017 | _bمصر. دار الكتب | ||
| 020 | _a9789562444897 | ||
| 040 |
_aEG-CaGPL _cEG-CaGPL |
||
| 082 | 0 | 4 |
_221 _a946.03/ _bR E |
| 100 | 1 | _aRosenblitt, Jaime | |
| 245 | 1 | 0 |
_aEncuentro De Tres Mundos : _bA 500 anos de la primera circunnavegacion del planeta / _cJaime Rosenblitt |
| 260 |
_aChile : _bBiblioteca Nacionl، _c2020. |
||
| 300 |
_a213 p. : _bill. ; _c22 cm. |
||
| 650 | 0 | 7 |
_2qrmak _a SPAIN _xHISTORY |
| 651 | _2qrmak | ||
| 942 |
_2ddc _cBK |
||
| 999 |
_c66005 _d66005 |
||